Aportes del trabajo social y del entorno socio familiar en la calidad de vida de los adultos mayores desde una mirada del modelo humanístico existencial (Registro nro. 529)

Detalles MARC
000 -LEADER
fixed length control field 02449nmm a2200277 a 4500
003 - CONTROL NUMBER IDENTIFIER
control field CO-CtgCURN
005 - DATE AND TIME OF LATEST TRANSACTION
control field 20250721165235.0
007 - PHYSICAL DESCRIPTION FIXED FIELD--GENERAL INFORMATION
fixed length control field co cga0uauuu
008 - FIXED-LENGTH DATA ELEMENTS--GENERAL INFORMATION
fixed length control field 201114s2020 xx f 000 0 und d
040 ## - CATALOGING SOURCE
Original cataloging agency CO-CtgCURN
Language of cataloging spa
Transcribing agency coctgcurn
082 ## - DEWEY DECIMAL CLASSIFICATION NUMBER
Classification number TSO 2020
Item number U92a
100 ## - MAIN ENTRY--PERSONAL NAME
Personal name Utria García, Yaileth María
Relator term autora
9 (RLIN) 5234
245 #0 - TITLE STATEMENT
Title Aportes del trabajo social y del entorno socio familiar en la calidad de vida de los adultos mayores desde una mirada del modelo humanístico existencial
Medium [electronic resource] /
Statement of responsibility, etc. Yaileth María Utria García; asesora., Everly Castellar
260 ## - PUBLICATION, DISTRIBUTION, ETC.
Place of publication, distribution, etc. Barranquilla, Atlántico :
Name of publisher, distributor, etc. Corporación Universitaria Rafael Nuñez,
Date of publication, distribution, etc. 2020
300 ## - PHYSICAL DESCRIPTION
Extent 1 recurso en línea (82 páginas (PDF)) :
Other physical details tablas, imágenes
502 ## - DISSERTATION NOTE
Dissertation note Trabajo de Grado (Trabajador Social). Corporación Universitaria Rafael Núñez. Facultad de Ciencias Sociales y Humanas. Programa de Trabajo Social, 2020
504 ## - BIBLIOGRAPHY, ETC. NOTE
Bibliography, etc. note Incluye referencias bibliográficas
520 ## - SUMMARY, ETC.
Summary, etc. Los adultos mayores constantemente están sufriendo de diferentes consecuencias generadas por la edad como si el envejecer fuera un delito. Abuso, abandono, maltrato intrafamiliar, dependencia económica, exclusión laboral etc., esto desde el entorno socio familiar ya que en lo personal sufren de baja autoestima, depresión, afectaciones en la salud y en la capacidad física. El modelo humanista existencialista expone que estos factores afectan el sentido de la vida de los adultos mayores cuestionando su rol y su existencia en la vida. El objetivo de este proyecto de grado es a través de la investigación y revisión documental desde un enfoque cualitativo conocer el entorno socio familiar del adulto mayor cuales son los beneficios y los perjuicios a los cuales se enfrenta día a día el adulto mayor en este ámbito, también las leyes los programas y los beneficios que los acobijan para que su última etapa sea agradable y su calidad de vida no se vea afectada.
521 ## - TARGET AUDIENCE NOTE
Target audience note AREA PROFESIONAL
590 ## - LOCAL NOTE (RLIN)
Local note Programa de Trabajo Social_26
650 ## - SUBJECT ADDED ENTRY--TOPICAL TERM
Topical term or geographic name entry element Trabajo Social
Form subdivision Tesis y disertaciones académicas
9 (RLIN) 5235
700 ## - ADDED ENTRY--PERSONAL NAME
Personal name Castellar, Everly
Relator term asesora
9 (RLIN) 5236
856 ## - ELECTRONIC LOCATION AND ACCESS
Uniform Resource Identifier <a href="https://unicurn.sharepoint.com/:b:/s/biblioteca/EWVKUB4bCjxGvm8wCpC1pgsBMk8Ck6QbBX2VvxNOo6guqQ?e=CHgdgq">https://unicurn.sharepoint.com/:b:/s/biblioteca/EWVKUB4bCjxGvm8wCpC1pgsBMk8Ck6QbBX2VvxNOo6guqQ?e=CHgdgq</a>
Link text Consulte aquí el texto completo
942 ## - ADDED ENTRY ELEMENTS (KOHA)
Koha item type Trabajos de grado
Classification part TSO 2020
Item part U92a
Source of classification or shelving scheme Dewey Decimal Classification
Suppress in OPAC No
Existencias
Withdrawn status Lost status Source of classification or shelving scheme Damaged status Not for loan Collection Home library Current library Shelving location Date acquired Inventory number Total checkouts Full call number Barcode Date last seen Copy number Price effective from Koha item type
    Dewey Decimal Classification     Trabajos de grado Miguel Henríquez Castañeda Barranquilla Miguel Henríquez Castañeda Barranquilla Trabajo de grado 11/13/2020 04937   TSO 2020 U92a 04937 11/14/2020 ej.1 11/14/2020 Trabajos de grado